00786nam a22001697a 4500082002000000100002000020245007400040260001000114300001200124563000800136650004500144942001200189999001900201952013200220952013200352952013200484 a345.549105bALI aAli, Ch. Asghar aThe Law of Disposal of Property:bqanun-e-superdari /cCh. Asghar Ali c2018. a407 p.  aHB. aLaw, Law of Disposal of Property9128275 2ddccBK c613297d613297 00102ddc406345_549105000000000_ALI709638627aNLSbNLSd2025-03-13l0o345.549105 ALIpNLS-1209r2025-03-13w2025-03-13yBK 00102ddc406345_549105000000000_ALI709638628aNLSbNLSd2025-03-13l0o345.549105 ALIpNLS-1210r2025-03-13w2025-03-13yBK 00102ddc406345_549105000000000_ALI709638629aNLSbNLSd2025-03-13l0o345.549105 ALIpNLS-1211r2025-03-13w2025-03-13yBK